All Emperors of China - Statistics

General Stats
  • This quiz has been taken 132 times
  • The average score is 35 of 129
Answer Stats
Chinese Name Reign Name % Correct
秦始皇 221-210 BCE Qin Shi Huang
74%
武帝 141-87 BCE Wu
71%
晉武帝 280-290 Wu
71%
文帝 180-157 BCE Wen
65%
581-604 Wen
65%
晉康帝 342-344 Kang
60%
永樂 1402-1424 Yongle
55%
高祖 202-195 BCE Gaozu
54%
高祖 618-626 Gaozu
54%
乾隆 1735-1796 Qianlong
52%
康熙 1661-1722 Kangxi
51%
薛禪汗 1271-1294 Kublai Khan
51%
武則天 690-705 Wu Zetian
51%
太宗 626-649 Taizong
47%
太宗 976-997 Taizong
47%
景帝 157-141 BCE Jing
45%
宣帝 74-48 BCE Xuan
45%
獻帝 189-220 Xian
44%
秦二世 210-207 BCE Qin Er Shi
43%
哀帝 17-1 BCE Ai
40%
晉哀帝 361-365 Ai
40%
唐哀帝 904-907 Ai
40%
洪武 1368-1398 Hongwu
39%
晉愍帝 313-316 Min
39%
順帝 125-144 Shun
39%
高宗 649-683 Gaozong
38%
高宗 1127-1162 Gaozong
38%
惠帝 195-188 BCE Hui
38%
晉惠帝 290-307 Hui
38%
和帝 88-106 CE He
37%
明帝 57-75 CE Ming
37%
晉明帝 323-325 Ming
37%
成帝 33-17 BCE Cheng
36%
晉成帝 325-342 Cheng
36%
元帝 48-33 BCE Yuan
36%
晉元帝 318-323 Yuan
36%
太祖 960-976 Taizu
35%
王莽 9-23 CE Wang Mang
35%
沖帝 144-145 Chong
34%
晉簡文帝 372 Jianwen
34%
建文 1398-1402 Jianwen
34%
順治 1644-1661 Shunzhi
32%
光緒 1875-1908 Guangxu
31%
平帝 1 BCE-3 CE Ping
31%
仁宗 1022-1063 Renzong
31%
宣統 1908-1912 Xuantong
31%
萬曆 1572-1620 Wanli
30%
道光 1820-1850 Daoguang
29%
章帝 75-88 CE Zhang
29%
昭帝 87-74 BCE Zhao
29%
英宗 1063-1067 Yingzong
28%
英宗 1435-1449, 1457-1464 Yingzong
28%
質帝 145-146 Zhi
28%
桓帝 146-168 Huan
27%
604-618 Yang
27%
安帝 106-125 CE An
26%
晉安帝 396-419 An
26%
光武帝 25-57 CE Guangwu
26%
靈帝 168-189 Ling
26%
同治 1861-1875 Tongzhi
26%
玄宗 712-756 Xuanzong
26%
宣宗 846-859 Xuanzong
26%
雍正 1722-1735 Yongzheng
26%
前少帝 188-184 BCE Qianshao
24%
睿宗 684-690, 710-712 Ruizong
24%
神宗 1067-1085 Shenzong
24%
文宗 827-840 Wenzong
24%
中宗 684, 705-710 Zhongzong
24%
德宗 779-805 Dezong
23%
晉恭帝 419-420 Gong
23%
617-618 Gong
23%
孝宗 1162-1189 Xiaozong
23%
真宗 997-1022 Zhenzong
23%
光宗 1189-1194 Guangzong
22%
代宗 762-779 Daizong
21%
後少帝 184-180 BCE Houshao
21%
嘉慶 1796-1820 Jiaqing
21%
理宗 1224-1264 Lizong
21%
寧宗 1194-1224 Ningzong
21%
殤帝 106 CE Shang
21%
唐殤帝 710 Shang
21%
武宗 840-846 Wuzong
21%
正德 1505-1521 Zhengde
21%
咸豐 1850-1861 Xianfeng
20%
宣德 1425-1435 Xuande
20%
懿宗 859-873 Yizong
20%
崇禎 1627-1644 Chongzhen
19%
度宗 1264-1274 Duzong
19%
洪熙 1424-1425 Hongxi
19%
晉穆帝 344-361 Mu
19%
成化 1464-1487 Chenghua
18%
徽宗 1100-1126 Huizong
18%
敬宗 824-827 Jingzong
18%
穆宗 820-824 Muzong
18%
順宗 805 Shunzong
18%
肅宗 756-762 Suzong
18%
哲宗 1085-1100 Zhezong
18%
晉懷帝 307-311 Huai
17%
嘉靖 1521-1567 Jiajing
17%
僖宗 873-888 Xizong
17%
昭宗 888-904 Zhaozong
17%
端宗 1276-1278 Duanzong
16%
景泰 1449-1457 Jingtai
16%
晉孝武帝 372-396 Xiaowu
16%
晉廢帝 365-372 Fei
15%
恭宗 1274-1276 Gongzong
15%
弘治 1487-1505 Hongzhi
15%
隆慶 1567-1572 Longqing
15%
欽宗 1126-1127 Qinzong
15%
泰昌 1620 Taichang
15%
憲宗 805-820 Xianzong
15%
天啓 1620-1627 Tianqi
14%
趙昺 1278-1279 Zhao Bing
13%
更始帝 23-25 CE Gengshi
12%
孺子嬰 6-9 CE Ruzi Ying
10%
趙旉 1129 Zhao Fu
9%
北鄉侯 125 CE Marquess of Beixiang
6%
海昏侯 74 BCE Marquis of Haihun
6%
弘農王 189 Prince of Hongnong
6%
普顏篤汗 1311-1320 Buyantu Khan
5%
札牙篤汗 1328-1329, 1329-1332 Jayaatu Khan
5%
格堅汗 1320-1323 Gegeen Khan
4%
忽都篤汗 1329 Khutughtu Khan
4%
曲律汗 1307-1311 Külüg Khan
4%
完澤篤汗 1294-1307 Öljeytü Khan
4%
孛兒只斤阿剌吉八 1328 Borjigin Ragibagh
2%
孛兒只斤懿璘質班 1332 Borjigin Rinchinbal
2%
孛兒只斤也孫鐵木兒 1323-1328 Borjigin Yesün Temür
2%
烏哈噶圖汗 1333-1368 Ukhaghatu Khan
2%
No matching quizzes found
Score Distribution
Percent of People with Each Score
Percentile by Number Answered
Your Score History
You have not taken this quiz